MARC details
| 000 -LEADER |
| fixed length control field |
01330nam a2200349 a 4500 |
| 001 - CONTROL NUMBER |
| control field |
688203 |
| 003 - CONTROL NUMBER IDENTIFIER |
| control field |
OSt |
| 005 - DATE AND TIME OF LATEST TRANSACTION |
| control field |
20250203103929.0 |
| 008 - FIXED-LENGTH DATA ELEMENTS--GENERAL INFORMATION |
| fixed length control field |
950720s1994 ke b 000 0 eng |
| 010 ## - LIBRARY OF CONGRESS CONTROL NUMBER |
| LC control number |
95980918 |
| 040 ## - CATALOGING SOURCE |
| Original cataloging agency |
DLC |
| Transcribing agency |
DLC |
| 042 ## - AUTHENTICATION CODE |
| Authentication code |
lcode |
| 043 ## - GEOGRAPHIC AREA CODE |
| Geographic area code |
f-ke--- |
| 050 00 - LIBRARY OF CONGRESS CALL NUMBER |
| Classification number |
KSK2107.W65 |
| Item number |
W65 1994 |
| 082 00 - DEWEY DECIMAL CLASSIFICATION NUMBER |
| Classification number |
346.676201/34346.76206134 |
| Edition number |
20 |
| 245 00 - TITLE STATEMENT |
| Title |
Women and autonomy in Kenya : |
| Remainder of title |
law reform and the quest for gender equality / |
| Statement of responsibility, etc. |
research co-ordinated by Kivutha Kibwana with assistance from Okech-Owiti. |
| 260 ## - PUBLICATION, DISTRIBUTION, ETC. (IMPRINT) |
| Place of publication, distribution, etc. |
[Nairobi] : |
| Name of publisher, distributor, etc. |
Centre for Law and Research International, |
| Date of publication, distribution, etc. |
[1994] |
| 300 ## - PHYSICAL DESCRIPTION |
| Extent |
452 leaves ; |
| Dimensions |
30 cm. |
| 490 1# - SERIES STATEMENT |
| Series statement |
CLARION research monograph ; |
| Volume/sequential designation |
no. 1 of 1994 |
| 500 ## - GENERAL NOTE |
| General note |
"April 1994"--P. 9. |
| 504 ## - BIBLIOGRAPHY, ETC. NOTE |
| Bibliography, etc |
Includes bibliographical references. |
| 650 #0 - SUBJECT ADDED ENTRY--TOPICAL TERM |
| Topical term or geographic name as entry element |
Sex discrimination against women |
| General subdivision |
Law and legislation |
| Geographic subdivision |
Kenya. |
| 650 #0 - SUBJECT ADDED ENTRY--TOPICAL TERM |
| Topical term or geographic name as entry element |
Women |
| General subdivision |
Legal status, laws, etc. |
| Geographic subdivision |
Kenya. |
| 650 #0 - SUBJECT ADDED ENTRY--TOPICAL TERM |
| Topical term or geographic name as entry element |
Sex discrimination against women |
| Geographic subdivision |
Kenya. |
| 700 1# - ADDED ENTRY--PERSONAL NAME |
| Personal name |
Kibwana, Kivutha. |
| 700 1# - ADDED ENTRY--PERSONAL NAME |
| Personal name |
Owiti, Okech. |
| 710 2# - ADDED ENTRY--CORPORATE NAME |
| Corporate name or jurisdiction name as entry element |
Centre for Law and Research International. |
| 830 #0 - SERIES ADDED ENTRY--UNIFORM TITLE |
| Uniform title |
CLARION research monograph ; |
| Volume number/sequential designation |
1994, no. 1. |
| 906 ## - LOCAL DATA ELEMENT F, LDF (RLIN) |
| a |
7 |
| b |
cbc |
| c |
origode |
| d |
2 |
| e |
ncip |
| f |
19 |
| g |
y-gencatlg |
| 942 ## - ADDED ENTRY ELEMENTS (KOHA) |
| Source of classification or shelving scheme |
Dewey Decimal Classification |
| Koha item type |
Books |